000 00670 a2200145 4500
001 120098
020 _a 978-0152002176
040 _cEscola Canadense de Niteroi
090 _aWOO
100 _aWood, Audrey
245 1 0 _aPiggies
300 _c4 x 0.3 x 27.94 cm
520 _aChildren will delight in the antics of ten marvelous little piggies who romp from fingers to toes in this original bedtime fantasy. Don Wood’s oil paintings explode with mirth and magic and will engage all young readers."Trying to describe these luxuriant, witty pictures doesn’t really work, however; seeing is believing, and what luck for us there’s so much to see."
942 _cBK
999 _c120098
_d120098